|
|
|
|
| LEADER |
00701ntm a2200157Ia 4500 |
| 008 |
160204s9999 xx 000 0 eng d |
| 100 |
|
|
|a Arthana,T
|
| 245 |
|
|
|a Study of the effect of electrolyte on the electrochemical energy storage of aerogel based EDLC
|c by Arthana,T
|
| 260 |
|
|
|c 2015
|
| 500 |
|
|
|a This project work done at:CMET,Thrissur
|
| 502 |
|
|
|a Msc. Project report—Department of Chemistry, University of Calicut, 2015
|
| 504 |
|
|
|a Includes bibliographical references.
|
| 796 |
|
|
|a Pramanik,N C
|e Thesis advisor
|c Dr.
|
| 942 |
|
|
|c PD
|
| 999 |
|
|
|c 122006
|d 122006
|
| 952 |
|
|
|0 0
|1 0
|4 0
|6 M_201521_000000000000000
|7 0
|9 134892
|a CHE
|b CHE
|c ST1
|d 2016-02-04
|i M201521
|l 0
|o M201521
|p CHEM201521
|r 2016-02-04
|w 2016-02-04
|y PD
|